Catálogo público

Reporte final de viaje de estudios del 05 de marzo – 17 de marzo / (Record no. 220336)

MARC details
000 -CABECERA
campo de control de longitud fija 02585nam a2200433 a 4500
003 - IDENTIFICADOR DEL NÚMERO DE CONTROL
campo de control Mxchpua
005 - FECHA Y HORA DE LA ÚLTIMA TRANSACCIÓN
campo de control 20250506181822.0
007 - CAMPO FIJO DE DESCRIPCIÓN FÍSICA--INFORMACIÓN GENERAL
campo de control de longitud fija ta
008 - DATOS DE LONGITUD FIJA--INFORMACIÓN GENERAL
campo de control de longitud fija 250116s2023 mx bdof |||| 001 0 spa d
040 ## - FUENTE DE LA CATALOGACIÓN
Centro catalogador/agencia de origen mxchpua
090 ## - LOCALMENTE ASIGNADO TIPO-LC NÚMERO DE CLASIFICACIÓN (OCLC); NÚMERO DE CLASIFICACIÓN LOCAL (RLIN)
Número de clasificación (OCLC) (R) ; Numero de clasificación, CALL (RLIN) (NR) T.C.933
Número cutter local (OCLC) ; Número de libro/Signatura topográfica íntegra, CALL (RLIN) M36 IA
Año 2023
245 1# - MENCIÓN DE TÍTULO
Título Reporte final de viaje de estudios del 05 de marzo – 17 de marzo /
Mención de responsabilidad, etc. coordinador Matías Manzano Zavala ; colaboradores Juan Antonio Antonio Martínez...[y otros]
260 ## - PUBLICACIÓN, DISTRIBUCIÓN, ETC.
Lugar de publicación, distribución, etc. Chapingo, México :
Nombre del editor, distribuidor, etc. El autor,
Fecha de publicación, distribución, etc. 2023
300 ## - DESCRIPCIÓN FÍSICA
Extensión 1 recurso en línea (392 páginas) :
Otras características físicas ilustraciones, mapas, gráficas, diagramas, tablas, fotos
336 ## - TIPO DE CONTENIDO
Fuente rdacontent
Término de tipo de contenido Texto
Código de tipo de contenido txt
337 ## - TIPO DE MEDIO
Fuente rdamedia
Nombre/término del tipo de medio computadora
Código del tipo de medio c
338 ## - TIPO DE SOPORTE
Fuente rdacarrier
Nombre/término del tipo de soporte computadora
Código del tipo de soporte cr
500 ## - NOTA GENERAL
Nota general Grado 4° : Grupo 5<br/>Directorio: páginas 362-364
502 ## - NOTA DE TESIS
Nota de tesis Viaje de Estudios
Tipo de título (IA) --
Nombre de la institución que otorga el título UACh. Departamento de Ingeniería Agroindustrial,
Año de obtención del título 2023
504 ## - NOTA DE BIBLIOGRAFÍA, ETC.
Nota de bibliografía, etc. Incluye bibliografías
505 00 - NOTA DE CONTENIDO CON FORMATO
Nota de contenido con formato Visitas:
Título 1. Dulces Bernal --<br/>2. Agrovida Produce Noria Nueva S. A. de C. V. --<br/>3. Nutryplus S. A. P. I. de C. V. --<br/>4. Miel Ontiveros --<br/>5. Freixenet México --<br/>6. Rastro municipal 412, TIF Querétaro --<br/>7. Oly Granja & Quesería --<br/>8. La Chivita Celayense --<br/>9. Unión Ganadera Regional de Guanajuato --<br/>10. Fábrica de Cajeta "La Reyna" --<br/>11. Empacadora los Aguilares, Grupo U, Mr. Lucky --<br/>12. Cerveza Libertad --<br/>13. Harinera seis hermanos --<br/>14. José Cuervo --<br/>15. Rancho Miel Oro --<br/>16. Productos Arcángel --<br/>17. AVIBEL de México --<br/>18. Ovoalimentos Nutritivos SA de CV --<br/>19. Pures y Derivados de Nayarit S. de R. L. MI.
650 13 - PUNTO DE ACCESO ADICIONAL DE MATERIA--TÉRMINO DE MATERIA
Término de materia o nombre geográfico como elemento de entrada Industria del ganado y de la carne
Subdivisión geográfica México
9 (RLIN) 147829
650 13 - PUNTO DE ACCESO ADICIONAL DE MATERIA--TÉRMINO DE MATERIA
Término de materia o nombre geográfico como elemento de entrada Industria de productos hortícolas
Subdivisión geográfica México
9 (RLIN) 156980
650 17 - PUNTO DE ACCESO ADICIONAL DE MATERIA--TÉRMINO DE MATERIA
Término de materia o nombre geográfico como elemento de entrada Industria lechera
Subdivisión geográfica México
9 (RLIN) 57847
650 13 - PUNTO DE ACCESO ADICIONAL DE MATERIA--TÉRMINO DE MATERIA
Término de materia o nombre geográfico como elemento de entrada Edulcorantes
Subdivisión general Industria y comercio
Subdivisión geográfica México
9 (RLIN) 155253
650 13 - PUNTO DE ACCESO ADICIONAL DE MATERIA--TÉRMINO DE MATERIA
Término de materia o nombre geográfico como elemento de entrada Industria de licores
Subdivisión geográfica México
9 (RLIN) 161687
650 13 - PUNTO DE ACCESO ADICIONAL DE MATERIA--TÉRMINO DE MATERIA
Término de materia o nombre geográfico como elemento de entrada Industria del vino
Subdivisión geográfica México
9 (RLIN) 149529
650 13 - PUNTO DE ACCESO ADICIONAL DE MATERIA--TÉRMINO DE MATERIA
Término de materia o nombre geográfico como elemento de entrada Industria del huevo
Subdivisión geográfica México
9 (RLIN) 150525
650 13 - PUNTO DE ACCESO ADICIONAL DE MATERIA--TÉRMINO DE MATERIA
Término de materia o nombre geográfico como elemento de entrada Livestock and meat industry
Subdivisión geográfica Mexico
9 (RLIN) 147830
650 13 - PUNTO DE ACCESO ADICIONAL DE MATERIA--TÉRMINO DE MATERIA
Término de materia o nombre geográfico como elemento de entrada Horticultural products industry
Subdivisión geográfica Mexico
9 (RLIN) 151427
650 13 - PUNTO DE ACCESO ADICIONAL DE MATERIA--TÉRMINO DE MATERIA
Término de materia o nombre geográfico como elemento de entrada Dairy industry
Subdivisión geográfica Mexico
9 (RLIN) 152363
650 10 - PUNTO DE ACCESO ADICIONAL DE MATERIA--TÉRMINO DE MATERIA
Término de materia o nombre geográfico como elemento de entrada Sweeteners
Subdivisión general Industry and trade
Subdivisión geográfica Mexico
9 (RLIN) 155254
650 13 - PUNTO DE ACCESO ADICIONAL DE MATERIA--TÉRMINO DE MATERIA
Término de materia o nombre geográfico como elemento de entrada Distilling industry
Subdivisión geográfica Mexico
9 (RLIN) 150297
650 13 - PUNTO DE ACCESO ADICIONAL DE MATERIA--TÉRMINO DE MATERIA
Término de materia o nombre geográfico como elemento de entrada Wine industry
Subdivisión geográfica Mexico
9 (RLIN) 149531
650 13 - PUNTO DE ACCESO ADICIONAL DE MATERIA--TÉRMINO DE MATERIA
Término de materia o nombre geográfico como elemento de entrada Egg industry
Subdivisión geográfica México
9 (RLIN) 150521
700 1# - PUNTO DE ACCESO ADICIONAL--NOMBRE DE PERSONA
Nombre de persona Manzano Zavala, Matías
9 (RLIN) 185157
Término indicativo de función/relación coordinador
700 1# - PUNTO DE ACCESO ADICIONAL--NOMBRE DE PERSONA
Nombre de persona Antonio Martínez, Juan Antonio
9 (RLIN) 189143
Término indicativo de función/relación colaborador
856 40 - LOCALIZACIÓN Y ACCESO ELECTRÓNICOS
Identificador Uniforme del Recurso <a href="http://10.13.5.2/ve/TC933_IA/TC933_IA_2023-REPORTE.pdf">http://10.13.5.2/ve/TC933_IA/TC933_IA_2023-REPORTE.pdf</a>
Texto de enlace DESCARGAR REPORTE
Holdings
Estado de retiro Estado de pérdida Fuente del sistema de clasificación o colocación Estado dañado No para préstamo Código de colección Localización permanente Ubicación/localización actual Ubicación en estantería Fecha de adquisición Fuente de adquisición Total de préstamos Signatura topográfica completa Código de barras Fecha visto por última vez Precio válido a partir de Tipo de ítem Koha
    Clasificación Universidad Autónoma de Chapingo     Viajes de estudio - En línea Ingenieria Agroindustrial Ingenieria Agroindustrial En línea 16/01/2025 El autor   T.C.933 M36 IA 2023 1206015143 16/01/2025 16/01/2025 Viajes de Estudio - En línea